Constantine: a great christian monarch and apostle
| Main Author: | |
|---|---|
| Format: | Print Book |
| Language: | English |
| Subito Delivery Service: | Order now. |
| Check availability: | HBZ Gateway |
| WorldCat: | WorldCat |
| Interlibrary Loan: | Interlibrary Loan for the Fachinformationsdienste (Specialized Information Services in Germany) |
| Published: |
Amsterdam
Gieben
1981
|
| In: | Year: 1981 |
| Reviews: | [Rezension von: Keresztes, Paul, Constantine. A Great Christian Monarch and Apostle] (1984) (Eno, Robert B.)
|
| Standardized Subjects / Keyword chains: | B
Konstantin, I., Römisches Reich, Kaiser ca. 280-337
|
| Further subjects: | B
Constantine Emperor of Rome (-337)
B Emperors (Rome) Biography B Christian saints (Rome) Biography |
MARC
| LEADER | 00000cam a2200000 c 4500 | ||
|---|---|---|---|
| 001 | 040233251 | ||
| 003 | DE-627 | ||
| 005 | 20251219213542.0 | ||
| 007 | tu | ||
| 008 | 950805s1981 ne ||||| 00| ||eng c | ||
| 010 | |a 81176858 | ||
| 020 | |a 9070265036 |9 90-70265-03-6 | ||
| 035 | |a (DE-627)040233251 | ||
| 035 | |a (DE-576)009122982 | ||
| 035 | |a (DE-599)GBV040233251 | ||
| 035 | |a (OCoLC)08629102 | ||
| 035 | |a (DE-604)8012487716 | ||
| 040 | |a DE-627 |b ger |c DE-627 |e rakwb | ||
| 041 | |a eng | ||
| 044 | |c XA-NL | ||
| 050 | 0 | |a DG315 | |
| 082 | 0 | |a 937/.08/0924 | |
| 082 | 0 | |a B | |
| 084 | |a 1 |2 ssgn | ||
| 084 | |a BO 2150 |2 rvk |0 (DE-625)rvk/14095: | ||
| 084 | |a NH 7670 |2 rvk |0 (DE-625)rvk/125779: | ||
| 084 | |a 15.28 |2 bkl | ||
| 084 | |a 15.28 |2 bkl | ||
| 100 | 1 | |8 1\p |0 (DE-588)1273372336 |0 (DE-627)1823170137 |4 aut |a Keresztes, Paul |d 1919- | |
| 109 | |a Keresztes, Paul 1919- | ||
| 245 | 1 | 0 | |a Constantine |b a great christian monarch and apostle |c by Paul Keresztes |
| 264 | 1 | |a Amsterdam |b Gieben |c 1981 | |
| 300 | |a 218 S | ||
| 336 | |a Text |b txt |2 rdacontent | ||
| 337 | |a ohne Hilfsmittel zu benutzen |b n |2 rdamedia | ||
| 338 | |a Band |b nc |2 rdacarrier | ||
| 500 | |a Bibliography: p. 187-203 | ||
| 583 | 1 | |a Archivierung/Langzeitarchivierung gewährleistet |c 20211025 |f SLG |x XA-DE-BW |z Buchnachlass |2 pdager |5 DE-25 | |
| 583 | 1 | |a Archivierung/Langzeitarchivierung gewährleistet |c 20211220 |f SLG |x XA-DE-BW |z Provenienz |2 pdager |5 DE-25 | |
| 583 | 1 | |a Archivierung/Langzeitarchivierung gewährleistet |f SSG |x XA-DE-BW |2 pdager |5 DE-21 | |
| 600 | 1 | 0 | |a Constantine |b I |c Emperor of Rome |d -337 |
| 601 | |a Constantine | ||
| 601 | |a Monarchie | ||
| 650 | 0 | |a Emperors |z Rome |x Biography | |
| 650 | 0 | |a Christian saints |z Rome |x Biography | |
| 689 | 0 | 0 | |d p |0 (DE-588)118565184 |0 (DE-627)079361668 |0 (DE-576)208995994 |2 gnd |a Konstantin |b I. |c Römisches Reich, Kaiser |d ca. 280-337 |
| 689 | 0 | |5 (DE-627) | |
| 787 | 0 | 8 | |i Rezensiert in |a Eno, Robert B. |t [Rezension von: Keresztes, Paul, Constantine. A Great Christian Monarch and Apostle] |d 1984 |w (DE-627)1784336742 |
| 883 | |8 1\p |a cgwrk |d 20241001 |q DE-101 |u https://d-nb.info/provenance/plan#cgwrk | ||
| 935 | |a mteo | ||
| 935 | |i Blocktest | ||
| 936 | r | v | |a BO 2150 |b Kaiser Konstantin |k Theologie und Religionswissenschaften |k Patrologie und Kirchengeschichte |k Kirchengeschichte nach Perioden |k Alte Kirchengeschichte und Patrologie |k Von den Anfängen bis 313 |k Kaiser Konstantin |0 (DE-627)1270744453 |0 (DE-625)rvk/14095: |0 (DE-576)200744453 |
| 936 | r | v | |a NH 7670 |b Konstantin der Große bis Theodosius (306 - 395) |k Geschichte |k Griechisch-römische Geschichte |k Römische Geschichte |k Römische Kaiserzeit (31 v. Chr. - 476 n.Chr.) |k Konstantin der Große bis Theodosius (306 - 395) |0 (DE-627)1271456621 |0 (DE-625)rvk/125779: |0 (DE-576)201456621 |
| 936 | b | k | |a 15.28 |j Römisches Reich |q coli-conc RVK->BK |q https://coli-conc.gbv.de/api/mappings/77b3c911-9246-4695-977a-b939ee41f58d |0 (DE-627)106405128 |
| 936 | b | k | |a 15.28 |j Römisches Reich |q coli-conc RVK->BK |q https://coli-conc.gbv.de/api/mappings/d5a9b4ad-d4f5-4af1-b621-4b6176ab78ae |0 (DE-627)106405128 |
| 951 | |a BO | ||
| ELC | |b 1 | ||
| ITA | |a 1 |t 1 | ||
| LOK | |0 000 xxxxxcx a22 zn 4500 | ||
| LOK | |0 001 3186587565 | ||
| LOK | |0 003 DE-627 | ||
| LOK | |0 004 040233251 | ||
| LOK | |0 005 19980507000000 | ||
| LOK | |0 008 960207||||||||||||||||ger||||||| | ||
| LOK | |0 040 |a DE-21 |c DE-627 |d DE-21 | ||
| LOK | |0 852 |a DE-21 | ||
| LOK | |0 852 1 |c 22 A 7589 |9 00 | ||
| LOK | |0 935 |a comp |a konv | ||
| LOK | |0 939 |a 07-02-96 |b l01 | ||
| LOK | |0 000 xxxxxcx a22 zn 4500 | ||
| LOK | |0 001 318658762X | ||
| LOK | |0 003 DE-627 | ||
| LOK | |0 004 040233251 | ||
| LOK | |0 005 20100406114059 | ||
| LOK | |0 008 050818||||||||||||||||ger||||||| | ||
| LOK | |0 040 |a DE-21-32a |c DE-627 |d DE-21-32a | ||
| LOK | |0 541 |e 22773 | ||
| LOK | |0 852 |a DE-21-32a | ||
| LOK | |0 852 1 |c G 189 m |m p |9 00 | ||
| LOK | |0 935 |a k32a | ||
| LOK | |0 938 |k p | ||
| LOK | |0 939 |a 18-08-05 |b l01 | ||
| ORI | |a SA-MARC-ixtheoa001.raw | ||
| REL | |a 1 | ||
| SUB | |a REL | ||
| SYG | 0 | 0 | |a Constantin,I.,Magnus Imperator,ca. 280-337,Constantinus Imperator,ca. 280-337,Constantin,I.,Empire romain, empereur,ca. 280-337,Constantine,I.,Roman Empire, Emperor,ca. 280-337,Constantin,der Grosse,ca. 280-337,Constantinus,Constantinopolitanus,ca. 280-337,Constantinus,ca. 280-337,Constantinus, Flavius Valerius,ca. 280-337,Flavius Valerius Constantinus Augustus,ca. 280-337,Valerius Constantinus Augustus, Flavius,ca. 280-337,Constantine,the Great,ca. 280-337,Constantinus,I.,Imperator,ca. 280-337,Constantinus,Imperator,ca. 280-337,Constantin,Empereur,ca. 280-337,Constantine,I.,Emperor,ca. 280-337,Constantin,Kaiser,ca. 280-337,Constantinus,Augustus,ca. 280-337,Konstantin,der Große,ca. 280-337,Constantinus,der Große,ca. 280-337,Konstantin,den Stores,ca. 280-337,Costantino,il Grande,ca. 280-337,Constantinus,I.,Imperium Romanum, Imperator,ca. 280-337,Konstantin,ca. 280-337,Constantino,Magno,ca. 280-337,Konstantinos,Sebastos,ca. 280-337,Constantinus,Der GroßE,ca. 280-337,Constantinus,Magnus,ca. 280-337,Constantinus Augustus, Flavius Valerius,ca. 280-337,Konstantin,der Grosse,ca. 280-337,Konstantin,Römischer Kaiser,ca. 280-337,Constantinus,I,Kaiser von Rom,ca. 280-337,Constantinus,der Grosse,ca. 280-337,Constantinus,I,Imperator,ca. 280-337,Constantine,the great,ca. 280-337,Constantinus,I,Kaiser des Römischen Reiches,ca. 280-337,Constantinus,1,Römisches Reich, Kaiser,ca. 280-337 |



